<?xml version="1.0" encoding="UTF-8"?>
<record
    xmlns:xsi="http://www.w3.org/2001/XMLSchema-instance"
    xsi:schemaLocation="http://www.loc.gov/MARC21/slim http://www.loc.gov/standards/marcxml/schema/MARC21slim.xsd"
    xmlns="http://www.loc.gov/MARC21/slim">

  <leader>01124nam a2200229   4500</leader>
  <controlfield tag="003">DO-SdUA</controlfield>
  <controlfield tag="005">20250325142623.0</controlfield>
  <controlfield tag="008">      s2020    dr a|| |||| 0 |a||0|spa d</controlfield>
  <datafield tag="040" ind1=" " ind2=" ">
    <subfield code="a">DO-SdUA</subfield>
    <subfield code="b">spa</subfield>
    <subfield code="c">DO-SdUA</subfield>
  </datafield>
  <datafield tag="041" ind1="0" ind2=" ">
    <subfield code="a">spa</subfield>
  </datafield>
  <datafield tag="092" ind1=" " ind2=" ">
    <subfield code="a">MA-EFD 0006 FCE 2020</subfield>
  </datafield>
  <datafield tag="100" ind1="1" ind2=" ">
    <subfield code="a">Bello Jim&#xE9;nez, Wander Manuel</subfield>
  </datafield>
  <datafield tag="245" ind1="1" ind2="0">
    <subfield code="a">Incidencia de la conducta agresiva de los estudiantes de 7mo A y B en la clase de educaci&#xF3;n f&#xED;sica, Escuela Primaria Emilio Rodr&#xED;guez Demarizi, sector La Zurza, Distrito Nacional, a&#xF1;o escolar 2018-2019 / </subfield>
    <subfield code="c">Wander Manuel Bello Jim&#xE9;nez.</subfield>
  </datafield>
  <datafield tag="260" ind1=" " ind2=" ">
    <subfield code="a">Santo Domingo :</subfield>
    <subfield code="b">UASD,</subfield>
    <subfield code="c">2020.</subfield>
  </datafield>
  <datafield tag="300" ind1=" " ind2=" ">
    <subfield code="a">iii, 87, 8 h. :</subfield>
    <subfield code="b">il.</subfield>
  </datafield>
  <datafield tag="502" ind1=" " ind2=" ">
    <subfield code="a">Tesis y trabajo de grado (Maestr&#xED;a en Gesti&#xF3;n de la Educaci&#xF3;n F&#xED;sica y el Deporte)--Universidad Aut&#xF3;noma de Santo Domingo, Santo Domingo, 2020.</subfield>
  </datafield>
  <datafield tag="504" ind1=" " ind2=" ">
    <subfield code="a">Incluye referencias bibliogr&#xE1;ficas y anexos.</subfield>
  </datafield>
  <datafield tag="650" ind1=" " ind2="7">
    <subfield code="2">lemb</subfield>
    <subfield code="9">1189</subfield>
    <subfield code="a">Agresividad infantil</subfield>
    <subfield code="x">Investigaciones</subfield>
  </datafield>
  <datafield tag="650" ind1=" " ind2="7">
    <subfield code="a">Conducta infantil (Psicolog&#xED;a)</subfield>
    <subfield code="x">Investigaciones</subfield>
    <subfield code="2">lemb</subfield>
    <subfield code="9">57966</subfield>
  </datafield>
  <datafield tag="830" ind1=" " ind2=" ">
    <subfield code="a">Tesis y disertaciones acad&#xE9;micas (Universidad Aut&#xF3;noma de Santo Domingo)</subfield>
  </datafield>
  <datafield tag="942" ind1=" " ind2=" ">
    <subfield code="2">cl</subfield>
    <subfield code="c">T</subfield>
    <subfield code="n">0</subfield>
  </datafield>
  <datafield tag="999" ind1=" " ind2=" ">
    <subfield code="c">12599</subfield>
    <subfield code="d">12599</subfield>
  </datafield>
  <datafield tag="952" ind1=" " ind2=" ">
    <subfield code="0">0</subfield>
    <subfield code="1">0</subfield>
    <subfield code="2">ddc</subfield>
    <subfield code="4">0</subfield>
    <subfield code="7">0</subfield>
    <subfield code="a">RII</subfield>
    <subfield code="b">RII</subfield>
    <subfield code="d">2025-03-25</subfield>
    <subfield code="l">0</subfield>
    <subfield code="r">2025-03-25 14:26:15</subfield>
    <subfield code="w">2025-03-25</subfield>
    <subfield code="y">TED</subfield>
  </datafield>
</record>
